Los campesinos /

I tiakina i:
Ngā taipitopito rārangi puna kōrero
Kaituhi matua: Chéjov, Anton P. (autor)
Ētahi atu kaituhi: Suero Roca, Teresa (preliminares) (preliminares), Marcoff, Alexis (traducción) (traducción)
Hōputu: Pukapuka
Reo:Pāniora
I whakaputaina: Barcelona, España : Bruguera, 1969, c1969
Rangatū:(Bruguera Libro Clásico ; 75)
Ngā marau:
Ngā Tūtohu: Tāpirihia he Tūtohu
Kāore He Tūtohu, Me noho koe te mea tuatahi ki te tūtohu i tēnei pūkete!

MARC

LEADER 00000nam^a2200000^a^4500
001 000438682
005 20250521000000.0
009 20260526144954.954
037 |a Acervo ITESO - Biblioteca 
041 |a ESP 
082 |a 891. 7  |b CHE 
100 |a Chéjov, Anton P.  |e (autor) 
240 1 5 |a [Los campesinos, de Chéjov] 
240 1 1 |a [Historia de mi vida, de Anton P. Chéjov] 
240 1 4 |a [El pabellón número seis] 
245 1 4 |a Los campesinos /  |c A.P. Chéjov ; prelim. de T. Suero Roca ; tr. por A. Marcoff. 
264 4 |a Barcelona, España :  |b Bruguera,  |c 1969, c1969 
300 |a 334 p. 
336 |a texto  |b txt  |2 rdacontenido 
337 |a sin mediación  |b n  |2 rdamedio 
338 |a volumen  |b nc  |2 rdasoporte 
440 1 |a (Bruguera Libro Clásico ;  |v 75) 
545 0 |a Anton Pablovich Chéjov (1860-1904), escritor ruso con estudios de medicina, aunque nunca ejerció esta profesión. Perteneció, como miembro honorífico, a la Academia Rusa de las Ciencias, cargo al que renunció como protesta por la expulsión de Maxim Gorki. Es autor de una vasta obra narrativa, con una temática constante, que si bien no se liga a ninguna escuela o movimiento, sí se acerca al naturalismo por su desconsolada acusación en contra de la sociedad de su tiempo. De estilo simple y sobrio, su textos toman como modelo la tragedia cotidiana y las pequeñas penas de la existencia humana. Fue autor, entre otros, de los libros de relatos, Cuentos de Melpómene (1884), Relatos abigarrados (1886), El crepúsculo (1887), La estepa (1888), El pabellón Nº 6 (1892); las obras teatrales Ivánov (1888), El brujo del bosque (1889), La gaviota (1895), El tío Vania (1899), Las tres hermanas (1901) y El jardín de los cerezos (1904). 
649 |a XX 
650 |a Cuentos Rusos 
650 |a Novela Rusa 
650 |a Literatura Rusa -  |y Siglo XIX 
650 |a Naturalismo en la Literatura -  |z Rusia 
740 0 |a Mi vida /  |c A.P. Chéjov ; prelim. de T. Suero Roca ; tr. por A. Marcoff. 
740 3 |a La sala número seis /  |c A.P. Chéjov ; prelim. de T. Suero Roca ; tr. por A. Marcoff. 
700 |a Suero Roca, Teresa  |e (preliminares) 
700 |a Marcoff, Alexis  |e (traducción) 
910 |a Fondo Castillo-Martínez 
920 |a Impresos - Libros 
930 |a Fondos Especiales 
940 |a Literatura 
905 |a 127 
901 |a 0500348739  |b IT2  |c ESP  |i D125525  |u 20250521 
902 |a https://opac.biblio.iteso.mx/vufind/Record/000438682